County Leitrim Quiz - Statistics

General Stats
  • This quiz has been taken 3 times
  • The average score is 16 of 20
Answer Stats
Hint Answer % Correct
County town of Leitrim Carrick-on-Shannon
100%
Bordering counties Cavan
100%
Leitrim has the shortest ... of any Irish county with any (4 Km) Coastline
100%
Province that Leitrim is in Connacht
100%
One of Ireland's premier gin brands is "... Gunpowder Irish Gin" Drumshanbo
100%
Bordering counties Fermanagh
100%
Waterfall near a lake of the same name on the Sligo border Glencar
100%
Bordering counties Longford
100%
Bordering counties Roscommon
100%
One of the seven leaders of the Easter Rising of 1916, born in Kiltyclogher. The county GAA ground is named after him. Sean Mac Diarmada
100%
River which flows through the above Shannon
100%
Bordering counties Sligo
100%
Bordering counties Donegal
67%
63 Km canal between the Shannon and a lake in County Fermanagh, "The Shannon-... Waterway" Erne
67%
Largest lake in Leitrim Lough Allen
67%
Which Nobel Prize winning Irish poet wrote about the above in the poem "The Stolen Child"? W B Yeats
67%
Author of "Amongst Women" and "That They May Face the Rising Sun" John McGahern
33%
"Lovely Leitrim" was a number one hit in Ireland in January 1966 for which singer? Larry Cunningham
33%
One of Leitrim's GAA nicknames is "The ... County", based on the family name of the mediaeval lords of western Breifne O'Rourke
33%
Name of the distillery where the above is made Shed
33%
No matching quizzes found
Score Distribution
Percent of People with Each Score
Percentile by Number Answered
Your Score History
You have not taken this quiz